Le théatre su peuple (Record no. 133852)

MARC details
000 -LEADER
campo de control de longitud fija 00651nam a2200217 i 4500
001 - NÚMERO DE CONTROL
campo de control 133852
003 - IDENTIFICADOR DE NÚMERO DE CONTROL
campo de control ES-MaACL
005 - FECHA Y HORA DE LA ÚLTIMA TRANSACCIÓN
campo de control 20260601155230.0
007 - CAMPO FIJO DE DESCRIPCIÓN FÍSICA--INFORMACIÓN GENERAL
campo de control de longitud fija t|
008 - DATOS DE LONGITUD FIJA--INFORMACIÓN GENERAL
campo de control de longitud fija 070903s1928 fr ||||1| fre d
080 ## - NÚMERO DE LA CLASIFICACIÓN DECIMAL UNIVERSAL
Número de la Clasificación Decimal Universal 792
100 1# - ENTRADA PRINCIPAL--NOMBRE DE PERSONA
Nombre de persona Rolland, Romain,
Fechas asociadas al nombre 1866-1944
9 (RLIN) 239240
245 13 - MENCIÓN DEL TÍTULO
Título Le théatre su peuple
Resto del título : essai d'esthétique d'un théatre nouveau /
Mención de responsabilidad, etc. Romain Rolland.
250 ## - MENCION DE EDICION
Mención de edición nouv. éd.
260 ## - PUBLICACIÓN, DISTRIBUCIÓN, ETC.
Lugar de publicación, distribución, etc. Paris :
Nombre del editor, distribuidor, etc. Albin Michel,
Fecha de publicación, distribución, etc. [1929]
300 ## - DESCRIPCIÓN FÍSICA
Extensión 251 p. ;
Dimensiones 19 cm.
500 ## - NOTA GENERAL
Nota general Biblioteca Jacinto Martínez Lacalle.
650 #7 - PUNTO DE ACCESO ADICIONAL DE MATERIA--TÉRMINO DE MATERIA
Término de materia o nombre geográfico como elemento de entrada Teatro
Fuente del encabezamiento o término embne
9 (RLIN) 17290
852 ## - LOCALIZACIÓN
Ubicación ES-MaACL
Número de control de estantería E-12104
Sublocalización o colección R.140009
Holdings
Estatus retirado Estado de pérdida Estado de daño No para préstamo Biblioteca de origen Biblioteca actual Ubicación en estantería Fecha de adquisición Fuente de adquisición Total de préstamos Signatura topográfica completa Código de barras Visto por última vez Precio de reemplazo Tipo de ítem Koha
        Biblioteca del Ateneo de Madrid Biblioteca del Ateneo de Madrid Depósito 2 17/01/2008     E-12104 1139334 23/02/2023 23/02/2023 Libro impreso